Statistics for Capital Cities Beginning With M

Click here to take the quiz!

General Stats

  • This quiz has been taken 62 times
    (14 since last reset)
  • The average score is 13 of 19

Answer Stats

Answer% Correct
Madrid
92%
Montevideo
92%
Minsk
92%
Moscow
83%
Manila
83%
Maputo
83%
Manama
75%
Majuro
75%
Mexico City
75%
Managua
67%
Maseru
67%
Monrovia
58%
Mbabane
58%
Monaco
58%
Male
58%
Malabo
58%
Muscat
58%
Mogadishu
50%
Moroni
42%

Score Distribution

Percentile by Number Answered

Percent of People with Each Score

Your Score History

You have not taken this quiz since the last reset